000 00332nam a2200133Ia 4500
005 20251222140053.0
008 251222s1900||||xx |||||||||||||| ||spa||
020 _a8805057169
082 _a179.1/A45
100 _aAlphandéry, Pierre
245 0 _aL' Equivoco Ecológico
264 _bSocietá Editrice Internazionale
942 _cLIB
999 _c3668
_d3668